Manual de los sistemas de información (Registro nro. 6399)
[ vista simple ]
| 000 -LEADER | |
|---|---|
| fixed length control field | 00863 a2200241 4500 |
| 001 - CONTROL NUMBER | |
| control field | 58035 |
| 005 - DATE AND TIME OF LATEST TRANSACTION | |
| control field | 20260407155840.0 |
| 008 - FIXED-LENGTH DATA ELEMENTS--GENERAL INFORMATION | |
| fixed length control field | 260407a1985 arg spa d |
| 003 - CONTROL NUMBER IDENTIFIER | |
| control field | AR-UNSa-BCEJYS |
| 040 ## - CATALOGING SOURCE | |
| Original cataloging agency | AR-UNSa-BCEJYS |
| Language of cataloging | spa |
| Transcribing agency | AR-UNSa-BCEJYS |
| 080 ## - UNIVERSAL DECIMAL CLASSIFICATION NUMBER | |
| Universal Decimal Classification number | 004.41 |
| Common auxiliary subdivision | Ingenieria de software |
| 020 ## - INTERNATIONAL STANDARD BOOK NUMBER | |
| International Standard Book Number | 84-283-0383-5 |
| 041 ## - LANGUAGE CODE | |
| Language code of text/sound track or separate title | spa |
| 100 1# - MAIN ENTRY--PERSONAL NAME | |
| Personal name | Hartman, W. |
| 245 10 - TITLE STATEMENT | |
| Title | Manual de los sistemas de información |
| 264 #1 - PRODUCTION, PUBLICATION, DISTRIBUTION, MANUFACTURE, AND COPYRIGHT NOTICE | |
| Place of production, publication, distribution, manufacture | Madrid : |
| Name of producer, publisher, distributor, manufacturer | Paraninfo |
| Date of production, publication, distribution, manufacture, or copyright notice | 1985 |
| 300 ## - PHYSICAL DESCRIPTION | |
| Extent | 2 v. (382 ; 581 p.) |
| Dimensions | 21 cm. |
| 505 ## - FORMATTED CONTENTS NOTE | |
| Formatted contents note | PRIMERA PARTE: 1. Introducción - 2. Dirección del proyecto – 3. Análisis y diseño del sistema – 4. Desarrollo del sistema – 5. Puesta en marcha y evaluación del sistema – SEGUNDA PARTE: 6. Técnicas y estándares |
| 590 ## - LOCAL NOTE (RLIN) | |
| Local note | niveau_biblio:m niveau_hierar:0 |
| 700 1# - ADDED ENTRY--PERSONAL NAME | |
| Personal name | Matthes, H. |
| 700 1# - ADDED ENTRY--PERSONAL NAME | |
| Personal name | Proeme, A. |
| 942 ## - ADDED ENTRY ELEMENTS (KOHA) | |
| Koha item type | |
| Withdrawn status | Lost status | Damaged status | Not for loan | Home library | Current library | Shelving location | Date acquired | Total checkouts | Full call number | Barcode | Date last seen | Price effective from | Koha item type |
|---|---|---|---|---|---|---|---|---|---|---|---|---|---|
| Biblioteca Prof. Eusebio Cleto del Rey | Biblioteca Prof. Eusebio Cleto del Rey | 07/04/2026 | 004.41 H333 v.1 7ed. | L86522 | 07/04/2026 | 07/04/2026 | Libro | ||||||
| Biblioteca Prof. Eusebio Cleto del Rey | Biblioteca Prof. Eusebio Cleto del Rey | 07/04/2026 | 004.41 H333 v.2 7ed. | L86523 | 07/04/2026 | 07/04/2026 | Libro |